| 000 | 00977nam a2200229Ia 4500 | ||
|---|---|---|---|
| 999 |
_c40819 _d40819 |
||
| 001 | 7459 | ||
| 003 | GE_BSU | ||
| 005 | 20231211172123.0 | ||
| 008 | 181216s1958||||ge |||||||||||||| ||geo|| | ||
| 040 | _cGE_BSU | ||
| 041 | _ageo | ||
| 080 | _a821.353.1-31 დ- 26 | ||
| 100 |
_aდგებუაძე-ფულარია, ფუცუ _920637 |
||
| 245 |
_aერთტომეული / _cფუცუ დგებუაძე-ფულარია ; რედ. ელ. უბილავა ; მხატვ. ვ. ტოროტაძე. |
||
| 264 |
_aთბილისი : _bსაბჭ. საქართველო _c1958. |
||
| 300 |
_a554 გვ. : _b1 ფოტ. პორტრ. ; _c21 სმ. |
||
| 653 | _aერთტომეული | ||
| 653 | _aრომანი | ||
| 700 |
_aუბილავა, ელ. _eრედაქტორი _93735 |
||
| 700 |
_aტოროტაძე, ვ. _eმხატვარი _94791 |
||
| 942 |
_cBK _2udc |
||